Velence dícsérete = Elogio a Venezia
Elmentve itt :
| Szerző: | |
|---|---|
| További közreműködők: | |
| Dokumentumtípus: | Könyv része |
| Megjelent: |
Università degli Studi di Szeged, Facoltà di Lettere e Studi Sociali, Istituto di Studi Romanzi, Dipartimento di Italianistica ; Szegedi Tudományegyetem Bölcsészet- és Társadalomtudományi Kar Romanisztika Intézet Olasz Tanszék
Szeged
2025
|
| Sorozat: | BALaton ITaliano
2 Mosaico ungherese : la terza torre 2 |
| Kulcsszavak: | Magyar irodalom - útleírás, Venezia ábrázolása - irodalmi, Műfordítás - olasz |
| Tárgyszavak: | |
| Online Access: | http://acta.bibl.u-szeged.hu/90017 |
| LEADER | 01110naa a2200253 i 4500 | ||
|---|---|---|---|
| 001 | acta90017 | ||
| 005 | 20260326131935.0 | ||
| 008 | 260326s2025 hu o 000 hun d | ||
| 020 | |a 978-963-688-092-7 | ||
| 022 | |a 3094-3779 | ||
| 040 | |a SZTE Egyetemi Kiadványok Repozitórium |b hun | ||
| 041 | |a hun | ||
| 041 | |a ita | ||
| 100 | 1 | |a Szerb Antal | |
| 245 | 1 | 0 | |a Velence dícsérete = Elogio a Venezia |h [elektronikus dokumentum] / |c Szerb Antal |
| 260 | |a Università degli Studi di Szeged, Facoltà di Lettere e Studi Sociali, Istituto di Studi Romanzi, Dipartimento di Italianistica ; Szegedi Tudományegyetem Bölcsészet- és Társadalomtudományi Kar Romanisztika Intézet Olasz Tanszék |b Szeged |c 2025 | ||
| 300 | |a 164-165 | ||
| 490 | 0 | |a BALaton ITaliano |v 2 | |
| 490 | 0 | |a Mosaico ungherese : la terza torre |v 2 | |
| 650 | 4 | |a Bölcsészettudományok | |
| 650 | 4 | |a Nyelvek és irodalom | |
| 695 | |a Magyar irodalom - útleírás, Venezia ábrázolása - irodalmi, Műfordítás - olasz | ||
| 700 | 0 | 1 | |a Italiano Gabriele |
| 856 | 4 | 0 | |u http://acta.bibl.u-szeged.hu/90017/1/balit_2025_164-165.pdf |z Dokumentum-elérés |